000 00697nam a2200205Ia 4500
003 GCL
008 140319s9999 xx 000 0 ara d
040 _aGCL /
_cGCL
082 0 4 _a953
_bم ب
245 1 0 _aبحوث فى تاريخ الحضارة الاسلامية
260 _aالقاهرة :
_bمؤسسة شباب الجامعة ،
_c1983
300 _a262 ص ؛
_c24سم
490 _a
650 0 4 _aالحضارة العربية الاسلامية - المعارف البحرية
650 0 4 _aالتاريخ الاسلامى
650 0 4 _aالعمارة الاسلامية
650 0 4 _aالحضارة الاسلامية
650 0 4 _aالفن الاسلامى
942 _2ddc
_cBK
999 _c31809
_d31809